Sports Quiz

Random Sports or Football Quiz

2013/14 UEFA Domestic Leagues in Numbers Quiz Stats

 Plays Quiz not verified by Sporcle

Score 0/67 Timer 16:00
0 Plays Today
Hint Answer % Correct
0 Points picked up by Gibraltar Phoenix all season, conceding a total of 94 goals in 14 gamesGibraltar Phoenix (W 0, D 0, L 16)
100%
11 Teams that did the 'Domestic Double' (Won the League and Cup)Bayern Munich
96.2%
7 Teams that beat Manchester United at Old Trafford in the Premier LeagueManchester City (3-0)
95.6%
10 Teams that scored more goals in their Domestic League than Ibrahimovic and co. at PSG (84)Manchester City (102)
95.6%
11 Teams that did the 'Domestic Double' (Won the League and Cup)Manchester City
95.6%
5 Teams that beat Atlético Madrid this season (All Competitions)Real Madrid (UCL: 4-1, Copa Del Rey: 3-0, 2-0)
94.5%
9 Teams in a row that took points off Borussia Mönchengladbach from December - March taking them from 3rd to 8thBayern Munich (2-0)
94.5%
10 Teams that scored more goals in their Domestic League than Ibrahimovic and co. at PSG (84)Bayern Munich (94)
94.5%
10 Teams that scored more goals in their Domestic League than Ibrahimovic and co. at PSG (84)Real Madrid (104)
94.5%
10 Teams that scored more goals in their Domestic League than Ibrahimovic and co. at PSG (84)Barcelona (100)
94%
8 Teams that finished above SC Braga in the Primeira LigaBenfica (1st)
93.4%
11 Teams that did the 'Domestic Double' (Won the League and Cup)Benfica
93.4%
8 Teams that finished above SC Braga in the Primeira LigaPorto (3rd)
92.3%
7 Teams that beat Manchester United at Old Trafford in the Premier LeagueLiverpool (3-0)
90.7%
10 Teams that scored more goals in their Domestic League than Ibrahimovic and co. at PSG (84)Liverpool (101)
90.7%
10 Teams that scored more goals in their Domestic League than Ibrahimovic and co. at PSG (84)Celtic (102)
89.1%
8 Teams that finished above SC Braga in the Primeira LigaSporting CP (2nd)
87.4%
2 Teams that were Champions before Bayern MunichOlympiacos (16.03.14)
84.2%
10 Teams that scored more goals in their Domestic League than Ibrahimovic and co. at PSG (84)Olympiacos (88)
84.2%
4 Teams that Eredivisie Champions Ajax failed to score againstPSV Eindhoven (4-0)
73.8%
10 Teams that scored more goals in their Domestic League than Ibrahimovic and co. at PSG (84)Red Bull Salzburg (110)
73.2%
11 Teams that did the 'Domestic Double' (Won the League and Cup)Red Bull Salzburg
73.2%
2 Teams that were Champions before Bayern MunichRed Bull Salzburg (23.03.14)
72.1%
7 Teams that beat Manchester United at Old Trafford in the Premier LeagueEverton (1-0)
72.1%
7 Teams that beat Manchester United at Old Trafford in the Premier LeagueTottenham Hotspur (2-1)
72.1%
9 Teams in a row that took points off Borussia Mönchengladbach from December - March taking them from 3rd to 8thBayer Leverkusen (1-0)
67.8%
7 Teams that beat Manchester United at Old Trafford in the Premier LeagueNewcastle United (1-0)
66.1%
7 Teams that beat Manchester United at Old Trafford in the Premier LeagueWest Bromwich Albion (2-1)
65%
9 Teams in a row that took points off Borussia Mönchengladbach from December - March taking them from 3rd to 8thWerder Bremen (1-1)
62.8%
7 Teams that beat Manchester United at Old Trafford in the Premier LeagueSunderland (1-0)
61.7%
9 Teams in a row that took points off Borussia Mönchengladbach from December - March taking them from 3rd to 8thWolfsburg (2-2)
56.8%
9 Teams in a row that took points off Borussia Mönchengladbach from December - March taking them from 3rd to 8thHannover 96 (3-1)
44.8%
9 Teams in a row that took points off Borussia Mönchengladbach from December - March taking them from 3rd to 8thMainz 05 (0-0)
44.3%
9 Teams in a row that took points off Borussia Mönchengladbach from December - March taking them from 3rd to 8thAugsburg (2-1)
44.3%
Hint Answer % Correct
9 Teams in a row that took points off Borussia Mönchengladbach from December - March taking them from 3rd to 8thHoffenheim (2-2)
42.6%
11 Teams that did the 'Domestic Double' (Won the League and Cup)Dinamo Tbilisi
37.7%
11 Teams that did the 'Domestic Double' (Won the League and Cup)The New Saints
36.6%
6 Teams that will make their Champions League debut in 2014/15Dnipro Dnipropetrovsk
35.5%
11 Teams that did the 'Domestic Double' (Won the League and Cup)Ludogorets Razgrad
35%
10 Teams that scored more goals in their Domestic League than Ibrahimovic and co. at PSG (84)Sheriff Tiraspol (98)
34.4%
8 Teams that finished above SC Braga in the Primeira LigaVitória de Setúbal (7th)
33.9%
8 Teams that finished above SC Braga in the Primeira LigaMarítimo (6th)
33.3%
4 Teams that Eredivisie Champions Ajax failed to score againstNAC Breda (0-0)
32.8%
5 Teams that beat Atlético Madrid this season (All Competitions)Levante (La Liga: 2-0)
32.8%
4 Teams that Eredivisie Champions Ajax failed to score againstVitesse (1-0)
31.1%
3 Teams that failed to score against Livorno who finished bottom of Serie AGenoa (0-0)
27.9%
5 Teams that beat Atlético Madrid this season (All Competitions)Espanyol (La Liga: 1-0)
27.9%
11 Teams that did the 'Domestic Double' (Won the League and Cup)Valletta
27.3%
9 Teams in a row that took points off Borussia Mönchengladbach from December - March taking them from 3rd to 8thEintracht Braunschweig (1-1)
25.7%
3 Teams that failed to score against Livorno who finished bottom of Serie ACatania (0-2)
24%
8 Teams that finished above SC Braga in the Primeira LigaAcadémica (8th)
24%
8 Teams that finished above SC Braga in the Primeira LigaEstoril Praia (4th)
23%
8 Teams that finished above SC Braga in the Primeira LigaCD Nacional (5th)
22.4%
11 Teams that did the 'Domestic Double' (Won the League and Cup)Zalgiris Vilnius
21.9%
3 Teams that failed to score against Livorno who finished bottom of Serie AAtalanta (0-1)
21.3%
5 Teams that beat Atlético Madrid this season (All Competitions)Osasuna (La Liga: 3-0)
21.3%
11 Teams that did the 'Domestic Double' (Won the League and Cup)Levadia Tallinn
21.3%
6 Teams that will make their Champions League debut in 2014/15Lincoln Gibraltar
19.1%
11 Teams that did the 'Domestic Double' (Won the League and Cup)Lincoln Gibraltar
19.1%
6 Teams that will make their Champions League debut in 2014/15Strømsgodset
17.5%
1 Team that beat both Paris Saint-Germain and AS Monaco in Ligue 1Évian TG
16.9%
10 Teams that scored more goals in their Domestic League than Ibrahimovic and co. at PSG (84)Cliftonville (88)
14.2%
5 Teams that beat Atlético Madrid this season (All Competitions)UD Almería (La Liga: 2-0)
13.1%
4 Teams that Eredivisie Champions Ajax failed to score againstRKC Waalwijk (0-0)
12.6%
6 Teams that will make their Champions League debut in 2014/15Qarabağ FK
12.6%
6 Teams that will make their Champions League debut in 2014/15Banants Yerevan
7.1%
6 Teams that will make their Champions League debut in 2014/15La Fiorita
4.4%

You're not logged in!

Compare scores with friends on all Sporcle quizzes.
Join for Free
OR
Log In

You Might Also Like...

Show Comments

Extras

Top Quizzes Today


Score Distribution

Your Account Isn't Verified!

In order to create a playlist on Sporcle, you need to verify the email address you used during registration. Go to your Sporcle Settings to finish the process.

Report this User

Report this user for behavior that violates our Community Guidelines.

Details: